000
00462nam a2200181Ia 4500
008
090123s9999 xx 000 0 und d
082
_b
28555
100
_a
पै शिरीष
245
_a
कोलाज
250
_a
1
260
_b
मेहता प्रकाशन
_c
1998
300
_a
132
600
_a
पै शिरीष
630
_a
कोलाज
700
_a
पै शिरीष
730
_a
कोलाज
942
_c
BOOK
999
_c
67090
_d
67090